All Teams to Ever Play a Rugby World Cup - Statistics

General Stats
  • This quiz has been taken 91 times
  • The average score is 22 of 25
Answer Stats
# Top Finish Team % Correct
9 Winner Australia
100%
9 Winner England
100%
9 Runners-up France
100%
9 Winner New Zealand
100%
9 4th place Scotland
100%
9 3rd place Wales
100%
9 Quarters Ireland
99%
8 Pool Stage United States
99%
9 3rd place Argentina
98%
9 Quarters Canada
98%
9 Pool Stage Italy
98%
7 Winner South Africa
98%
9 Quarters Japan
94%
2 Pool Stage Russia
94%
8 Quarters Samoa
94%
8 Quarters Fiji
89%
1 Pool Stage Spain
89%
8 Pool Stage Tonga
89%
4 Pool Stage Uruguay
88%
1 Pool Stage Portugal
81%
6 Pool Stage Namibia
75%
8 Pool Stage Romania
75%
5 Pool Stage Georgia
69%
2 Pool Stage Zimbabwe
53%
1 Pool Stage Ivory Coast
33%
No matching quizzes found
Score Distribution
Percent of People with Each Score
Percentile by Number Answered
Your Score History
You have not taken this quiz